| 000 | 00341nam a2200133Ia 4500 | ||
|---|---|---|---|
| 008 | 150301s2013 xx 000 0 und d | ||
| 082 |
_a610.7362 _bP13P |
||
| 100 | _aSHARMA, RIMPLE | ||
| 245 | _aESSENTIALS OF PEDIATRIC NURSING | ||
| 260 |
_bJAYPEE MEDICAL PUB. _c2013 |
||
| 300 | _a825 | ||
| 650 | _aPEDIATRIC NURSING | ||
| 942 |
_2ddc _cBK _0155 |
||
| 999 |
_c6837 _d6837 |
||